К вопросу о преподавании фундаментальных дисцеплин; Образовательные технологии: состояние и перспективы

Библиографические подробности
Источник:Образовательные технологии: состояние и перспективы.— 1999.— С. 45-46.
Главный автор: Бикмухаметова О. В.
Язык:русский
Опубликовано: 1999
Предметы:
Формат: Статья
Запись в KOHA:https://koha.lib.tpu.ru/cgi-bin/koha/opac-detail.pl?biblionumber=49856

MARC

LEADER 00000naa2a2200000 4500
001 49856
005 20231031032703.0
035 |a (RuTPU)RU\TPU\book\52199 
035 |a RU\TPU\tpu\10392 
090 |a 49856 
100 |a 20030407d1999 k y0rusy50 ca 
101 0 |a rus 
102 |a RU 
200 1 |a К вопросу о преподавании фундаментальных дисцеплин  |f О. В. Бикмухаметова 
463 1 |0 (RuTPU)RU\TPU\book\9321  |t Образовательные технологии: состояние и перспективы  |o Труды научно-методической конференции, 2-4 февраля 1999 г  |o Секция 2. Образовательные технологии. Гуманитарные и социально-экономические дисциплины. подсекция 1. Гуманитарные проблемы высшего технического образования  |f ТПУ  |v С. 45-46.  |d 1999  |p 178с 
610 1 |a труды учёных ТПУ 
675 |a 62(063)  |v 3 
686 |a Ч48  |2 rubbk 
700 1 |a Бикмухаметова  |b О. В. 
801 1 |a RU  |b 63413507  |c 20021121  |g PSBO 
801 2 |a RU  |b 63413507  |c 20060629  |g PSBO 
942 |c BK